000 00767cam a2200253 4500
001 sa 68012166
003 DLC
005 20260227112607.0
008 691105s1968 pk b 00010 eng
010 _asa 68012166 //r84
025 _aPL480:EP-E-503
043 _aa-bg---
050 0 _aJS7094
_b.A13D45
082 _a352/.005/095492
100 1 0 _aMuhith, A. M. A.,
_d1934-
245 1 4 _aThe Deputy Commissioner in East Pakistan
_c[by] A. M. A. Muhith.
250 _a[1st ed.]
260 0 _aDacca,
_bNational Institute of Public Administration
_c[1968]
300 _a120 p.
_c25 cm.
350 _a8.00
504 _aBibliography: p. 117-120.
650 0 _aLocal officials and employees
_zBangladesh
_xCase studies.
650 0 _aLocal government
_zBangladesh.
999 _c84348
_d84348